Guess the NBA player by their career highs - Statistics

General Stats
  • This quiz has been taken 351 times
    83 since last reset
  • The average score is 12 of 30
Answer Stats
Answer Points Rebounds Assists Steals Blocks Turnovers % Correct
LeBron James 61 20 19 7 5 11
96%
Kobe Bryant 81 16 17 7 5 11
91%
Wilt Chamberlain 100 55 21 N/A N/A N/A
91%
Bam Adebayo 83 21 11 6 6 8
78%
Michael Jordan 69 19 17 10 6 9
78%
Devin Booker 70 13 15 6 3 9
69%
Stephen Curry 62 15 16 7 3 11
67%
Donovan Mitchell 71 15 14 5 3 9
56%
James Harden 61 17 21 8 5 12
51%
Bill Russell 37 51 13 N/A N/A N/A
49%
Damian Lillard 71 18 16 6 4 10
49%
Magic Johnson 46 17 24 7 2 11
45%
Hakeem Olajuwon 52 26 12 8 12 11
44%
Kareem Abdul-Jabbar 55 19 10 6 8 8
40%
Larry Bird 60 21 17 8 5 9
40%
John Stockton 34 11 28 9 3 10
36%
Tim Duncan 53 27 11 8 9 10
36%
Dennis Rodman 34 34 10 4 5 7
31%
Karl Malone 61 23 10 7 5 10
25%
Moses Malone 53 27 7 6 9 9
24%
Dirk Nowitzki 53 23 12 9 7 8
22%
Scottie Pippen 47 18 15 9 5 12
20%
Charles Barkley 56 33 14 7 7 10
18%
Dwyane Wade 55 16 16 8 5 12
18%
Kevin Garnett 47 25 12 7 8 10
16%
Scott Skiles 41 12 30 5 1 9
15%
Jason Kidd 43 19 25 7 4 14
13%
Gary Payton 44 16 18 8 3 9
11%
Manute Bol 18 19 3 3 15 6
9%
Bismack Biyombo 21 26 5 3 7 5
0%
No matching quizzes found
Score Distribution
Percent of People with Each Score
Percentile by Number Answered
Your Score History
You have not taken this quiz since the last reset